000 00515nam a2200157 a 4500
001 000038369
005 20201002031235.0
008 130409s1984 dr 000 0 spa d
040 _aDO-SdBNP
_bspa
_cBNPHU
100 1 _aDidiez, Nelson
_964725
245 1 0 _aManual breve de lengua creol :
_bdiccionario creol-español, español-creol /
_cNelson Didiez.
260 _aSanto Domingo :
_bEditora Taller,
_c1984.
300 _a415 p. ;
_c28 cm.
490 1 _aBiblioteca Taller
_v176
830 0 _aBiblioteca Taller
_v176
_9164
999 _c37859
_d37859